Baseball knowledge - Statistics

General Stats
  • This quiz has been taken 601 times
  • The average score is 13 of 15
Answer Stats
Hint Answer % Correct
What is the prestigious pitching award called? Cy young award
97%
Which position is "Position 7" on the baseball field? Left field
97%
If a pitcher makes a illegal motion on the mound he is accused of a ________? Balk
95%
What is the number 1 most used and most common pitch in baseball? fastball
91%
Which position is "Position 4" on the baseball Filed? Second Base
89%
If the pitch count runs full, whats the count? (Example for your answer: 5,10) 3,2
88%
If the runner is caught between bases and fielders throw the ball to each other tying to tag the runner out, the runner is in a ____________ rundown
88%
What is the name of the big wall in fenway park? The green monster
87%
which award are you awarded if you are the leader of home runs, RBI's, and batting average? Triple Crown
86%
What color is illegal to have on a pitchers glove? White
81%
What is the abbreviation for "Slugging Percentage"? slg
77%
Who has the most Career hits? Pete Rose
73%
What are the red strings on a baseball called? Seams.
73%
If the home team wins the game without it going to extra innings, how many actual innings are played? (The home team is leading going into the last inning) 8.5
71%
What is the St louis cardinals stadium called? Busch Stadium
66%
No matching quizzes found
Score Distribution
Percent of People with Each Score
Percentile by Number Answered
Your Score History
You have not taken this quiz